Logo BPK

Biblioteka

Politechniki Koszalińskiej

"...und schon siehst Du alt aus" : (Rekord nr 49487)

Szczegóły MARC
000 -ETYKIETA REKORDU
podpole kontrolne o stałej długości 00535nam a2200193 i 4500
001 - NUMER KONTROLNY REKORDU
pole kontrolne bgj
020 ## - MIĘDZYNARODOWY ZNORMALIZOWANY NUMER KSIĄŻKI - ISBN
ISBN 3921680913
040 ## - ŹRÓDŁO KATALOGOWANIA
Instytucja, która utworzyła rekord BPK
041 0# - KOD JĘZYKA
Kod języka tekstu ger
920 ## - Międzynarodowy znormalizowany numer książki – ISBN
ISBN 3-921680-91-3
008 - POLE O STAŁEJ DŁUGOŚCI - DANE KONTROLNE
podpole kontrolne o stałej długości s gw f |000 0 ger
100 1# - NAZWA OSOBOWA
Nazwa osobowa ARMANSKI, Gerhard.
245 10 - TYTUŁ/ODPOWIEDZIALNOŚĆ
Tytuł "...und schon siehst Du alt aus" :
Ciąg dalszy tytułu Das Alter in Geschichte und Gesellschaft /
Pozostałe elementy strefy tytułu i oznaczenia odpowiedzialności Gerhard Armanski.
260 ## - STREFA ADRESU WYDAWNICZEGO
Miejsce wydania Bielefeld :
Nazwa wydawcy/dystrybutora AJZ,
Data publikacji, dystrybucji/powstania dokumentu 1990.
300 ## - STREFA OPISU FIZYCZNEGO
Objętość 128 S. :
Inne cechy fizyczne Ill. ;
Rozmiary 21 cm.
504 ## - UWAGA DOTYCZĄCA BIBLIOGRAFII
Informacje o bibliografii Bibliographie S. 122-128.
650 #9 - HASŁO PRZEDMIOTOWE W FORMIE NAZWY OGÓLNEJ LUB JEDNOSTKOWEJ
Nazwa ogólna lub geograficzna Alter
856 ## - LOKALIZACJA I DOSTĘP DO ELEKTRONICZNYCH DOKUMENTÓW ZDALNYCH
Link (URL) http://koha.tu.koszalin.pl/cgi-bin/koha/opac-detail.pl?biblionumber=49487
Tekst linku Katalog online BPK
942 ## - DODATKOWE ELEMENTY (KOHA)
Typ dokumentu Książka
Egzemplarze
Wycofany Status egzemplarza Uszkodzony Dostępność Lokalizacja stała Lokalizacja bieżąca Miejsce przechowywania Sygnatura Kod kreskowy Typ dokumentu
      Dostępny Biblioteka Politechniki Koszalińskiej Biblioteka Politechniki Koszalińskiej Wypożyczalnia Językowa N 1248 01580631 Książka
© 2023 Biblioteka Politechniki Koszalińskiej :: KOHA